书目信息 |
| 题名: |
孙过庭草书临习技法精解
|
|
| 作者: | 白龙 编著 | |
| 分册: | 下卷 | |
| 出版信息: | 郑州 中州古籍出版社 2020.6 |
|
| 页数: | 97页 | |
| 开本: | 34cm | |
| 丛书名: | ||
| 单 册: | ||
| 中图分类: | J292.113.4 | |
| 科图分类: | ||
| 主题词: | 草书--书法 | |
| 电子资源: | ||
| ISBN: | 978-7-5348-5891-8 | |
| 000 | 00770nam0 2200241 45 | |
| 001 | 012001000913 | |
| 005 | 20211020094801.50 | |
| 010 | @a978-7-5348-5891-8@dCNY32.00 | |
| 100 | @a20160826d2016 em y0chiy0110 ea | |
| 101 | 0 | @achi |
| 102 | @aCN@b410000 | |
| 105 | @ay z 000yy | |
| 106 | @ar | |
| 200 | 1 | @a孙过庭草书临习技法精解@Asun guo ting cao shu lin xi ji fa jing jie@h下卷@f白龙编著 |
| 210 | @a郑州@c中州古籍出版社@d2020.6 | |
| 215 | @a97页@d34cm | |
| 300 | @a历代名家碑帖临习技法精解 | |
| 330 | @a本书选取了孙过庭的《书谱》为范本,对所选的每个字的用笔、结构、用墨等方面的技法进行分析。 | |
| 606 | 0 | @a草书@x书法 |
| 690 | @aJ292.113.4@v5 | |
| 701 | 0 | @a白龙@Abai long@4编著 |
| 801 | @aCN@b江苏凤凰@c20211018 | |
| 905 | @b1341503-6@dJ292.113.4@e685:2@f4 | |
| 孙过庭草书临习技法精解.下卷/白龙编著.-郑州:中州古籍出版社,2020.6 |
| 97页;34cm |
| 历代名家碑帖临习技法精解 |
| ISBN 978-7-5348-5891-8:CNY32.00 |
| 本书选取了孙过庭的《书谱》为范本,对所选的每个字的用笔、结构、用墨等方面的技法进行分析。 |
| ● |
| 相关链接 |
|
|
|
|
正题名:孙过庭草书临习技法精解
索取号:J292.113.4/685:2
 
预约/预借
| 序号 | 登录号 | 条形码 | 馆藏地/架位号 | 状态 | 备注 |
| 1 | 1341503 | 213415035 | 第一样本阅览室/ [索取号:J292.113.4/685:2] | 在馆 | |
| 2 | 1341504 | 213415044 | 第一借阅区/ [索取号:J292.113.4/685:2] | 在馆 | |
| 3 | 1341505 | 213415053 | 第一借阅区/ [索取号:J292.113.4/685:2] | 在馆 | |
| 4 | 1341506 | 213415062 | 第一借阅区/ [索取号:J292.113.4/685:2] | 在馆 |